The Oxford handbook of conflict management in organizations / (Record no. 20301)

MARC details
000 -LEADER
fixed length control field 01044cam a22002895a 4500
001 - CONTROL NUMBER
control field 18124040
005 - DATE AND TIME OF LATEST TRANSACTION
control field 20160112115643.0
008 - FIXED-LENGTH DATA ELEMENTS--GENERAL INFORMATION
fixed length control field 140422s2014 enka frb f001 0 eng d
020 ## - INTERNATIONAL STANDARD BOOK NUMBER
International Standard Book Number 9780199653676 (hbk.)
020 ## - INTERNATIONAL STANDARD BOOK NUMBER
International Standard Book Number 0199653674 (hbk.
040 ## - CATALOGING SOURCE
Original cataloging agency BTCTA
Language of cataloging eng
Transcribing agency BTCTA
Modifying agency BDX
-- UKMGB
-- YDXCP
-- LTSCA
-- CUD
-- CHVBK
-- DLC
-- EG-ScBUE
082 04 - DEWEY DECIMAL CLASSIFICATION NUMBER
Classification number 658.4053
Edition number 22
Item number OXF
245 04 - TITLE STATEMENT
Title The Oxford handbook of conflict management in organizations /
Statement of responsibility, etc edited by William K. Roche, Paul Teague and Alexander J.S. Colvin.
250 ## - EDITION STATEMENT
Edition statement 1st ed.
260 ## - PUBLICATION, DISTRIBUTION, ETC. (IMPRINT)
Place of publication, distribution, etc Oxford ;
Name of publisher, distributor, etc Oxford University Press,
Date of publication, distribution, etc 2014.
300 ## - PHYSICAL DESCRIPTION
Extent xix, 541 p. :
Other physical details ill. ;
Dimensions 26 cm.
500 ## - GENERAL NOTE
General note Index : p. 521-541.<br/>
504 ## - BIBLIOGRAPHY, ETC. NOTE
Bibliography, etc Includes bibliographical references.
650 #7 - SUBJECT ADDED ENTRY--TOPICAL TERM
Topical term or geographic name as entry element Conflict management.
Source of heading or term BUEsh
9 (RLIN) 8129
650 #7 - SUBJECT ADDED ENTRY--TOPICAL TERM
Topical term or geographic name as entry element Industrial relations.
Source of heading or term BUEsh
9 (RLIN) 34909
651 ## - SUBJECT ADDED ENTRY--GEOGRAPHIC NAME
Source of heading or term BUEsh
653 ## - INDEX TERM--UNCONTROLLED
Resource For college BAEPS, Business Administration
Arrived date list July2015
-- January2016
700 1# - ADDED ENTRY--PERSONAL NAME
Personal name Roche, William K.,
Dates associated with a name 1957-
Relator term editor.
700 1# - ADDED ENTRY--PERSONAL NAME
Personal name Teague, Paul,
Relator term editor.
700 1# - ADDED ENTRY--PERSONAL NAME
Personal name Colvin, Alexander James,
Relator term editor.
942 ## - ADDED ENTRY ELEMENTS (KOHA)
Source of classification or shelving scheme Dewey Decimal Classification
Holdings
Withdrawn status Lost status Source of classification or shelving scheme Damaged status Not for loan Koha collection Home library Current library Shelving location Date acquired Source of acquisition Cost, normal purchase price Serial Enumeration / chronology Total Checkouts Full call number Barcode Date last seen Cost, replacement price Koha item type
    Dewey Decimal Classification     Baccah Central Library Central Library First floor 08/07/2015 Purchase 914.00 21782   658.4053 OXF 000039372 15/07/2025 1142.00 Book - Borrowing